000 00345pam a2200133 a 4500
020 _c
041 _h
082 _a519.5
_bCRO/COW
100 _aCROXTON F.E.,COWDEN D.I.,KLEIN S.
245 _aAPPLIED GENERAL STATISTICS
_hTextual Documents
260 _aNEW DELHI
_bPRENTICE-HALL OF INDIA PVT LTD
_c1969
300 _aXVIII+754
930 _a8803
999 _c128257
_d128257